Chế định nguyên thủ quốc gia trong các hiến pháp Việt Nam : Sách tham khảo
Trình bày vai trò, chức năng, thẩm quyền, địa vị pháp lý của nguyên thủ quốc gia trong mối quan hệ với mô hình thể chế. Quyền hạn của nguyên thủ quốc gia trong các hiến pháp ở một số nước. Phân tích, đánh giá về chế định nguyên thủ quố...
محفوظ في:
| المؤلف الرئيسي: | |
|---|---|
| التنسيق: | كتاب |
| اللغة: | Undetermined |
| منشور في: |
Hà Nội
Chính trị Quốc gia
2014
|
| الموضوعات: | |
| الوسوم: |
إضافة وسم
لا توجد وسوم, كن أول من يضع وسما على هذه التسجيلة!
|
| Thư viện lưu trữ: | Trung tâm Học liệu Trường Đại học Cần Thơ |
|---|
| LEADER | 01150nam a2200229Ia 4500 | ||
|---|---|---|---|
| 001 | CTU_194485 | ||
| 008 | 210402s9999 xx 000 0 und d | ||
| 020 | |c 37000 | ||
| 082 | |a 342.597062 | ||
| 082 | |b Kh452 | ||
| 100 | |a Đỗ Minh Khôi | ||
| 245 | 0 | |a Chế định nguyên thủ quốc gia trong các hiến pháp Việt Nam : | |
| 245 | 0 | |b Sách tham khảo | |
| 245 | 0 | |c Đỗ Minh Khôi (chủ biên) | |
| 260 | |a Hà Nội | ||
| 260 | |b Chính trị Quốc gia | ||
| 260 | |c 2014 | ||
| 520 | |a Trình bày vai trò, chức năng, thẩm quyền, địa vị pháp lý của nguyên thủ quốc gia trong mối quan hệ với mô hình thể chế. Quyền hạn của nguyên thủ quốc gia trong các hiến pháp ở một số nước. Phân tích, đánh giá về chế định nguyên thủ quốc gia - Chủ tịch nước trong Hiến pháp của Việt Nam | ||
| 650 | |a Luật hiến pháp,Constitutional law | ||
| 650 | |z Việt Nam,Vietnam | ||
| 904 | |i Trinh | ||
| 980 | |a Trung tâm Học liệu Trường Đại học Cần Thơ | ||